What's That Actor's Greatest Film? Quiz Stats

 Plays Quiz Updated Jan 8, 2019

Also try: 5-Star Movies II
Challenge
Share
Tweet
Embed
Score 0/32 Timer 08:00
1 Play Today
Actor Film (Highest Rated IMDb) % Correct
Al PacinoThe Godfather
77.5%
Russell CroweGladiator
75.8%
Keanu ReevesThe Matrix
75.7%
Anthony HopkinsThe Silence of the Lambs
73.6%
Tom HanksForrest Gump
69.8%
Christian BaleThe Dark Knight
69.5%
Robin WilliamsGood Will Hunting
66.3%
Joe PesciGoodfellas
65.7%
Mel GibsonBraveheart
65.2%
Humphrey BogartCasablanca
60.6%
Morgan FreemanThe Shawshank Redemption
60.3%
Arnold SchwarzeneggerTerminator 2: Judgment Day
57.5%
Adrien BrodyThe Pianist
55%
Mark WahlbergThe Departed
50.8%
Gregory PeckTo Kill a Mockingbird
49.5%
Jeff BridgesThe Big Lebowski
49%
Actor Film (Highest Rated IMDb) % Correct
Jack NicholsonOne Flew Over the Cuckoo's Nest
48.1%
Liam NeesonSchindler's List
45.3%
Daniel Day-LewisThere Will Be Blood
45.3%
Harrison FordStar Wars, Episode V: The Empire Strikes Back
43.7%
James StewartIt's a Wonderful Life
42.9%
Robert De NiroThe Godfather: Part II
42.1%
Robert Downey Jr.Avengers: Infinity War
42%
Clint EastwoodThe Good, the Bad and the Ugly
41.1%
Brad PittFight Club
39.3%
Leonardo DiCaprioInception
37.2%
Jim CarreyEternal Sunshine of the Spotless Mind
31.8%
Matt DamonSaving Private Ryan/Interstellar
27.8%
Henry Fonda12 Angry Men
27.3%
Robert RedfordThe Sting
26%
Bruce WillisPulp Fiction
25.2%
Kevin BaconMystic River
15.3%

You're not logged in!

Compare scores with friends on all Sporcle quizzes.
OR
Log In

You Might Also Like...

Show Comments

Extras

Top Quizzes Today


Score Distribution

Your Account Isn't Verified!

In order to create a playlist on Sporcle, you need to verify the email address you used during registration. Go to your Sporcle Settings to finish the process.

Report this User

Report this user for behavior that violates our Community Guidelines.

Details: